[Event "BAN-ch U20"]
[Site "Dhaka"]
[Date "2022.02.18"]
[Round "4"]
[White "Md Azbahauddin, Khan"]
[Black "Ridwan, Rabbani"]
[Result "1/2-1/2"]
[WhiteElo "1647"]
[BlackElo "1146"]
[PlyCount "83"]
[EventDate "2022.02.15"]
[EventType "swiss"]
[EventRounds "9"]
[EventCountry "BAN"]
[SourceTitle "CBM 207 Extra"]
[Source "ChessBase"]
[SourceDate "2022.05.31"]
[SourceVersion "1"]
[SourceVersionDate "2022.05.31"]
[SourceQuality "1"]

1. d4 Nf6 2. Nc3 d5 3. Nf3 g6 4. h3 Bg7 5. Bf4 Nc6 6. Nb5 0-0 7. Bxc7 Qd7 8. Bg3 Nh5 9. Bh2 Nd8 10. e3 Ne6 11. c4 a6 12. Nc3 dxc4 13. Bxc4 b5 14. Bb3 Bb7 15. Rc1 Rac8 16. 0-0 b4 17. Na4 Rxc1 18. Qxc1 Bxf3 19. gxf3 Ng5 20. Bd1 Qxh3 21. f4 Nf3+ 22. Bxf3 Qxf3 23. Qd1 Qc6 24. Nc5 Nf6 25. Qa4 Qxa4 26. Nxa4 Rc8 27. f3 Nd5 28. e4 Bxd4+ 29. Kh1 Ne3 30. Re1 Rc2 31. Bg3 Nc4 32. Rd1 Rd2 33. Rxd2 Nxd2 34. Kg2 Kf8 35. Bf2 Bxf2 36. Kxf2 b3 37. axb3 Nxb3 38. Nc3 Ke8 39. Kg3 e6 40. Ne2 f5 41. Kh4 h6 42. Nc3 1/2-1/2